|
|
|
|
| LEADER |
00824cam a2200229 7i4500 |
| 001 |
0000043400 |
| 005 |
20130228090000.0 |
| 020 |
|
|
|a 9780415446754 (pbk.)
|
| 090 |
0 |
0 |
|a HQ1750.6
|b N46 2007
|
| 100 |
1 |
|
|a Ng, Cecilia
|
| 245 |
1 |
0 |
|a Feminism and the women's movement in Malaysia :
|b an unsung (r)evolution
|c Cecilia Ng, Maznah Mohamad, and Tan Beng Hui.
|
| 260 |
|
|
|a London:
|b Routledge,
|c 2006.
|
| 300 |
|
|
|a xiv, 219 p.;
|c 24 cm.
|
| 490 |
0 |
|
|a Routledge Malaysian studies series
|
| 650 |
0 |
0 |
|a Women --
|x Social conditions --
|z Malaysia
|
| 650 |
0 |
0 |
|a Feminism --
|z Malaysia
|
| 650 |
0 |
0 |
|a Women's rights --
|z Malaysia
|
| 700 |
3 |
|
|a Tan, Beng Hui
|
| 700 |
0 |
|
|a Maznah Mohamad
|
| 710 |
2 |
|
|a Persatuan Sains Sosial Malaysia
|
| 997 |
|
|
|a Centre for Graduate Studies
|
| 999 |
|
|
|a 0000052111
|b BOK
|c OPEN SHELF
|e 1st Floor, Bestari Jaya
|